000 00202 a2200097 4500
001 13989
100 _aMarlowe C
245 _aEdward the second
260 _aLondon
_bMethmen
_c
090 _c10951
_d10951
942 _aNUST-CAE
_cM
_c1060
999 _c249062
_d249062